| 000 -LEADER |
| fixed length control field |
00871nam a22002777a 4500 |
| 001 - CONTROL NUMBER |
| control field |
15892 |
| 003 - CONTROL NUMBER IDENTIFIER |
| control field |
BD-DhUAP |
| 005 - DATE AND TIME OF LATEST TRANSACTION |
| control field |
20200121152050.0 |
| 008 - FIXED-LENGTH DATA ELEMENTS--GENERAL INFORMATION |
| fixed length control field |
200121s20142009ii | 001 0 eng d |
| 020 ## - INTERNATIONAL STANDARD BOOK NUMBER |
| International Standard Book Number |
9780070144811 |
| 020 ## - INTERNATIONAL STANDARD BOOK NUMBER |
| International Standard Book Number |
0070144818 |
| 040 ## - CATALOGING SOURCE |
| Original cataloging agency |
BD-DhUAP |
| Transcribing agency |
BD-DhUAP |
| Modifying agency |
BD-DhUAP |
| Language of cataloging |
Eng |
| 082 00 - DEWEY DECIMAL CLASSIFICATION NUMBER |
| Edition number |
23 |
| Classification number |
005.133 HUB |
| 100 ## - MAIN ENTRY--PERSONAL NAME |
| Personal name |
Hubbard, John R. |
| 245 ## - TITLE STATEMENT |
| Title |
Schaum's outlines programming with C++ / |
| Statement of responsibility, etc. |
John R Hubbard and Atul Kahate. |
| 250 ## - EDITION STATEMENT |
| Edition statement |
3rd ed. |
| 260 ## - PUBLICATION, DISTRIBUTION, ETC. |
| Place of publication, distribution, etc. |
New Delhi : |
| Name of publisher, distributor, etc. |
McGraw-hill education, |
| Date of publication, distribution, etc. |
c2009 [Reprinted 2014]. |
| 300 ## - PHYSICAL DESCRIPTION |
| Extent |
various pages : |
| Dimensions |
24 cm. |
| Other physical details |
illustrations ; |
| 490 ## - SERIES STATEMENT |
| Series statement |
Schaum's outlines. |
| 504 ## - BIBLIOGRAPHY, ETC. NOTE |
| Bibliography, etc. note |
Includes bibliographical references and index. |
| 650 #0 - SUBJECT ADDED ENTRY--TOPICAL TERM |
| Topical term or geographic name entry element |
C (Computer program language). |
| 700 ## - ADDED ENTRY--PERSONAL NAME |
| Personal name |
Kahate, Atul. |
| 942 ## - ADDED ENTRY ELEMENTS (KOHA) |
| Source of classification or shelving scheme |
|
| Koha item type |
Book |